[Event "ICS rated bullet match"]
[Site "207.99.83.229"]
[Date "1999.07.10"]
[Round "?"]
[White "Hossa"]
[Black "bookbuilder"]
[Result "0-1"]
[WhiteElo "2369"]
[BlackElo "2465"]
[PlyCount "86"]

1. e4 e6 2. d4 d5 3. Nc3 Nf6 4. Bg5 Be7 5. e5 Nfd7 6. Bxe7 Qxe7 7. f4 b6 8. Qh5
c5 9. Nb5 O-O 10. Nc7 cxd4 11. Nxa8 Qb4+ 12. Kf2 Ba6 13. Bxa6 Nxa6 14. Qe2 Nac5
15. Nc7 Qxb2 16. Rd1 Ne4+ 17. Kf1 Nc3 18. Qg4 Nxd1 19. Qxd1 Rc8 20. Ne8 d3 21.
Qxd3 Qc1+ 22. Kf2 Qxf4+ 23. Qf3 Qxe5 24. Qd3 Nc5 25. Qd1 Ne4+ 26. Kf1 Rxe8 27.
Nf3 Qb2 28. Kg1 Qb5 29. c3 Nxc3 30. Qb3 Qd3 31. h4 Qe3+ 32. Kh2 Qf4+ 33. Kg1
Ne2+ 34. Kf2 Qg3+ 35. Kf1 Rc8 36. Qa4 Nf4 37. Ne1 Nxg2 38. Nc2 Qf3+ 39. Kg1 Ne3
40. Nxe3 Qxe3+ 41. Kg2 Qd2+ 42. Kg1 Rc1+ 43. Qd1 43... Rxd1# {Hossa checkmated}
0-1

[Event "ICS rated bullet match"]
[Site "207.99.83.229"]
[Date "1999.07.10"]
[Round "?"]
[White "bookbuilder"]
[Black "Hossa"]
[Result "1-0"]
[WhiteElo "2465"]
[BlackElo "2357"]
[PlyCount "97"]

1. e4 e6 2. Nc3 Nc6 3. d4 Bb4 4. Nf3 Nf6 5. Bd3 d5 6. exd5 Nxd5 7. Bd2 O-O 8.
Nxd5 exd5 9. O-O Bg4 10. c3 Bd6 11. Re1 Qf6 12. Bg5 Qxg5 13. Nxg5 Bxd1 14.
Raxd1 h6 15. Nf3 Rae8 16. Bb5 a6 17. Bxc6 bxc6 18. Kf1 g6 19. Ne5 Bxe5 20. dxe5
Re6 21. Rd4 Rb8 22. b3 Rd8 23. Ra4 c5 24. Ra5 Rc6 25. Ke2 Re8 26. f4 f6 27. Kd3
Kf7 28. h4 h5 29. g3 Ree6 30. b4 cxb4 31. cxb4 Rb6 32. Rxd5 Rxb4 33. Rc1 c6 34.
Rd7+ Ke8 35. Rc7 Rb6 36. exf6 Rxf6 37. Re1+ Kd8 38. Ree7 Rd6+ 39. Kc4 Rd1 40.
Rg7 Rb5 41. Ra7 Rc1+ 42. Kd4 Rd5+ 43. Ke4 Re1+ 44. Kf3 Rd3+ 45. Kf2 Re7 46.
Rgxe7 Ra3 47. Rh7 Rxa2+ 48. Kf3 Rb2 49. Rh8# {Hossa checkmated} 1-0

[Event "ICS rated bullet match"]
[Site "207.99.83.229"]
[Date "1999.07.10"]
[Round "?"]
[White "Hossa"]
[Black "bookbuilder"]
[Result "0-1"]
[WhiteElo "2346"]
[BlackElo "2483"]
[PlyCount "140"]

1. e4 e6 2. Nc3 d5 3. exd5 exd5 4. Qe2+ Be7 5. d4 Nf6 6. Be3 O-O 7. Nh3 Bb4 8.
Ng5 h6 9. Nf3 Ne4 10. Qd3 Qe7 11. Nd2 Bxc3 12. bxc3 Bf5 13. Nxe4 Bxe4 14. Qb5
c6 15. Qb3 Rc8 16. O-O-O c5 17. Rd2 b6 18. Re2 cxd4 19. cxd4 Nc6 20. a3 Na5 21.
Qb4 Qc7 22. Qb1 Bd3 23. Rd2 Bxf1 24. Rxf1 Qc3 25. Re2 Nc4 26. a4 Qa3+ 27. Kd1
Qxa4 28. Bd2 Nxd2 29. Rxd2 Rc4 30. Re1 Rxd4 31. Qc1 Rxd2+ 32. Qxd2 Rc8 33. Re7
a5 34. Qe2 Qa1+ 35. Kd2 Qc3+ 36. Kc1 Rc4 37. Re8+ Kh7 38. Re3 Qa1+ 39. Kd2 Qa4
40. Kc1 Rh4 41. Qd3+ Kg8 42. Qc3 Rf4 43. Re2 Rf6 44. Qe5 Qg4 45. f3 Qc4 46.
Qe8+ Kh7 47. Qe5 Rg6 48. g3 Rg5 49. Qe8 Rf5 50. f4 Rf6 51. Qe5 Qc6 52. f5 a4
53. Rd2 Rd6 54. Re2 b5 55. Qe7 Rf6 56. Re5 Qc4 57. Qe8 a3 58. Qa8 Rc6 59. Qxc6
Qxc6 60. Kd2 b4 61. Re3 a2 62. Re1 Qc3+ 63. Ke2 Qxc2+ 64. Ke3 Qc3+ 65. Ke2 b3
66. Rg1 b2 67. g4 b1=Q 68. Rxb1 axb1=Q 69. Kf2 Qe4 70. h3 70... Qce1# {
Hossa checkmated} 0-1

[Event "ICS rated standard match"]
[Site "207.99.83.229"]
[Date "1999.07.10"]
[Round "?"]
[White "Idiota"]
[Black "Hossa"]
[Result "0-1"]
[WhiteElo "2100"]
[BlackElo "2208"]
[PlyCount "101"]

1. d4 Nf6 2. c4 e6 3. Nf3 b6 4. g3 Bb7 5. Bg2 Be7 6. O-O O-O 7. Nc3 Bb4 8. Ne5
Bxg2 9. Kxg2 d6 10. Nf3 d5 11. cxd5 Bxc3 12. bxc3 Qxd5 13. Qd3 c5 14. c4 Qe4
15. dxc5 bxc5 16. Bg5 Qxd3 17. exd3 Nc6 18. Bxf6 gxf6 19. Rfd1 Rfd8 20. Rd2
Rab8 21. Re1 Rb4 22. Re4 a6 23. Rg4+ Kh8 24. Rf4 f5 25. h3 a5 26. g4 fxg4 27.
hxg4 Kg8 28. Re4 a4 29. g5 a3 30. Kg3 Kg7 31. Re3 Rb2 32. Ree2 Rxd2 33. Rxd2 f6
34. gxf6+ Kxf6 35. Kg4 Nd4 36. Kf4 Nxf3 37. Kxf3 e5 38. Ke3 Rb8 39. f4 exf4+
40. Kxf4 Rb2 41. Ke3 Rxd2 42. Kxd2 Ke5 43. Ke3 h5 44. Ke2 Kd4 45. Kd2 h4 46.
Ke2 h3 47. Kf3 h2 48. Kg2 Kxd3 49. Kxh2 Kxc4 50. Kg3 Kd3 51. Kf2 {
Idiota resigns} 0-1

[Event "ICS rated blitz match"]
[Site "207.99.83.229"]
[Date "1999.07.10"]
[Round "?"]
[White "Hossa"]
[Black "Farendil"]
[Result "1/2-1/2"]
[WhiteElo "2356"]
[BlackElo "2223"]
[PlyCount "146"]

1. e4 e5 2. c3 Nf6 3. Nf3 Nc6 4. Bb5 Nxe4 5. O-O d5 6. d3 Nf6 7. Nxe5 Bd7 8.
Bxc6 bxc6 9. Re1 Be7 10. Qa4 c5 11. Nxd7 Qxd7 12. Qxd7+ Kxd7 13. c4 c6 14. Nc3
h6 15. cxd5 cxd5 16. Bf4 Bd6 17. Bxd6 Kxd6 18. Re2 Rhe8 19. Rae1 Rxe2 20. Rxe2
Rb8 21. f4 d4 22. Nd1 Nd5 23. f5 Nb4 24. f6 gxf6 25. Nf2 f5 26. b3 Nd5 27. Nh3
a5 28. Rf2 Ne3 29. Re2 a4 30. bxa4 Ra8 31. Nf4 Rxa4 32. Nh5 Ra3 33. Nf4 Rc3 34.
Re1 Rc2 35. Re2 Rc1+ 36. Kf2 Ke5 37. Kg3 Rf1 38. Nh3 f4+ 39. Kh4 Kd5 40. Kh5 f3
41. gxf3 Rxf3 42. Ng1 Rf6 43. a4 c4 44. dxc4+ Kxc4 45. Rb2 Kc3 46. Rb8 d3 47.
Rd8 Nc4 48. Rd7 Kc2 49. Rd4 Kc3 50. Rd7 Nb2 51. a5 Nc4 52. a6 Rxa6 53. Rxf7 d2
54. Rf3+ Kc2 55. Rf2 Kd3 56. Rf1 Ne3 57. Rb1 d1=Q+ 58. Rxd1+ Nxd1 59. Nf3 Ke3
60. Nh4 Nf2 61. Nf5+ Kf4 62. Nxh6 Ne4 63. Nf7 Rf6 64. Nh6 Rf8 65. Kg6 Ra8 66.
Nf7 Ra2 67. h4 Rg2+ 68. Kh6 Kf5 69. h5 Kf6 70. Nh8 Ng5 71. Ng6 Nf7+ 72. Kh7 Rg5
73. h6 73... Rxg6 {Hossa stalemated} 1/2-1/2

[Event "ICS rated blitz match"]
[Site "207.99.83.229"]
[Date "1999.07.10"]
[Round "?"]
[White "Farendil"]
[Black "Hossa"]
[Result "0-1"]
[WhiteElo "2229"]
[BlackElo "2350"]
[PlyCount "68"]

1. d4 Nf6 2. c4 e6 3. Nf3 b6 4. Nc3 Bb7 5. Bg5 Bb4 6. e3 h6 7. Bh4 g5 8. Bg3
Ne4 9. Qc2 O-O 10. Bd3 Nxc3 11. bxc3 Bxf3 12. gxf3 Be7 13. Ke2 Nc6 14. Rag1 Kh8
15. h4 gxh4 16. Bf4 Bg5 17. Bxg5 hxg5 18. f4 f6 19. Be4 d5 20. Bf3 Rg8 21. f5
Na5 22. fxe6 Nxc4 23. Qf5 Qe7 24. Bxd5 Nd6 25. Qf3 Rac8 26. Rg4 c6 27. Be4 Qxe6
28. Bb1 Rg7 29. Kd2 Kg8 30. e4 Nc4+ 31. Kc1 Qe7 32. Qe2 Qa3+ 33. Kd1 Qxc3 34.
Qc2 34... Qf3+ {Farendil resigns} 0-1

[Event "ICS rated bullet match"]
[Site "207.99.83.229"]
[Date "1999.07.10"]
[Round "?"]
[White "FifthAvenue"]
[Black "Hossa"]
[Result "1/2-1/2"]
[WhiteElo "2369"]
[BlackElo "2344"]
[PlyCount "170"]

1. e4 e5 2. d3 Nc6 3. Nf3 Nf6 4. Be2 Bb4+ 5. c3 Be7 6. O-O O-O 7. Bg5 d5 8.
Bxf6 Bxf6 9. Qc2 d4 10. Nbd2 Be6 11. c4 Qe7 12. h3 Rab8 13. a3 Qd7 14. b4 Bxh3
15. gxh3 Qxh3 16. Nh2 h5 17. Rfe1 Bh4 18. Ndf3 Be7 19. Bf1 Qe6 20. Kh1 Bf6 21.
Bg2 h4 22. Rg1 h3 23. Bf1 Rbe8 24. Ng4 Qd6 25. Bxh3 g6 26. Nxf6+ Qxf6 27. Rg3
Qd6 28. Rag1 a5 29. Kg2 axb4 30. c5 Qf6 31. axb4 Nxb4 32. Qc4 Nc6 33. Bg4 Ra8
34. Rh1 Qf4 35. Bd7 Ne7 36. Rgh3 Qf6 37. Rh8+ Qxh8 38. Rxh8+ Kxh8 39. c6 Nxc6
40. Bxc6 bxc6 41. Qxc6 f6 42. Qxc7 Rac8 43. Qd7 Rc3 44. Qe7 Kg8 45. Nh4 Rxd3
46. Nxg6 Rf7 47. Qe8+ Kg7 48. Nh4 Rb7 49. Nf5+ Kh7 50. Qh5+ Kg8 51. Qg6+ Kh8
52. Qh6+ Kg8 53. Qxf6 Rh7 54. Nh6+ Rxh6 55. Qxh6 Kf7 56. Qg5 Ke6 57. Qf5+ Kd6
58. Qf6+ Kd7 59. Qxe5 Rd1 60. Qd5+ Kc7 61. e5 d3 62. Qd6+ Kb7 63. e6 d2 64.
Qb4+ Kc8 65. Qc4+ Kd8 66. Qd5+ Ke7 67. Qd7+ Kf6 68. e7 Rb1 69. e8=Q d1=Q 70.
Qxd1 Rxd1 71. Qf8+ Ke5 72. Qf3 Rd7 73. Qe3+ Kf6 74. Qf3+ Ke5 75. Qg3+ Kf6 76.
Qh3 Rg7+ 77. Qg3 Rxg3+ 78. Kxg3 Kg5 79. f3 Kf5 80. Kg2 Kf4 81. Kf2 Ke5 82. Ke3
Kf5 83. f4 Kf6 84. Kf3 Kf5 85. Kf2 85... Kxf4 {
Game drawn because neither player has mating material} 1/2-1/2

[Event "ICS rated blitz match"]
[Site "207.99.83.229"]
[Date "1999.07.10"]
[Round "?"]
[White "Hossa"]
[Black "Farendil"]
[Result "1-0"]
[WhiteElo "2361"]
[BlackElo "2218"]
[PlyCount "44"]

1. e4 e5 2. Nf3 Nc6 3. Bb5 a6 4. Ba4 d6 5. d4 Bd7 6. Bxc6 Bxc6 7. Nc3 Nf6 8.
O-O Be7 9. Qd3 exd4 10. Nxd4 Bd7 11. Bg5 O-O 12. Rae1 h6 13. Bxf6 Bxf6 14. Nd5
Bc6 15. c3 Bxd5 16. exd5 Qd7 17. Nf5 Rfe8 18. Qf3 Rxe1 19. Rxe1 Re8 20. Re3 Re5
21. Nxh6+ Kf8 22. Ng4 22... Rg5 {Farendil resigns} 1-0

[Event "ICS Rated standard match"]
[Site "207.99.83.229"]
[Date "1999.07.10"]
[Round "?"]
[White "Hossa"]
[Black "krisantetno"]
[Result "1-0"]
[WhiteElo "2219"]
[BlackElo "1945"]
[PlyCount "42"]

1. e4 c5 2. Nf3 e6 3. Nc3 Nc6 4. Bb5 Qb6 5. O-O d6 6. d4 a6 7. dxc5 dxc5 8.
Bxc6+ Qxc6 9. Ne5 Qc7 10. Bf4 Bd6 11. Nxf7 Bxf4 12. Nxh8 Bxh2+ 13. Kh1 Be5 14.
f4 Bxc3 15. bxc3 Nf6 16. e5 Nd5 17. Qd3 g6 18. f5 gxf5 19. Qg3 Kd7 20. c4 Ne7
21. Rad1+ 21... Kc6 {krisantetno resigns} 1-0

[Event "ICS Rated standard match"]
[Site "207.99.83.229"]
[Date "1999.07.10"]
[Round "?"]
[White "Esen"]
[Black "Hossa"]
[Result "0-1"]
[WhiteElo "1984"]
[BlackElo "2224"]
[PlyCount "46"]

1. e4 c5 2. Nf3 e6 3. Nc3 a6 4. d3 d5 5. exd5 exd5 6. d4 Nf6 7. Bg5 Be7 8. Be2
cxd4 9. Nxd4 O-O 10. O-O Re8 11. Bf3 Nc6 12. Be3 Bd6 13. Nxc6 bxc6 14. Na4 Qc7
15. h3 Rb8 16. b3 Bh2+ 17. Kh1 Bf4 18. Bxf4 Qxf4 19. Qd3 Bf5 20. Qd1 Qh4 21. c3
Bxh3 22. gxh3 Qxh3+ 23. Kg1 23... Re5 {Esen resigns} 0-1

[Event "ICS rated blitz match"]
[Site "207.99.83.229"]
[Date "1999.07.10"]
[Round "?"]
[White "Hossa"]
[Black "martinvr"]
[Result "1-0"]
[WhiteElo "2381"]
[BlackElo "2223"]
[PlyCount "47"]

1. e4 c5 2. Bc4 Nc6 3. Nf3 e6 4. O-O Nf6 5. Nc3 d6 6. d4 cxd4 7. Nxd4 Be7 8.
Bb5 Bd7 9. Nxc6 Bxc6 10. Bxc6+ bxc6 11. Bg5 O-O 12. Rb1 d5 13. e5 Nd7 14. Bxe7
Qxe7 15. Qd4 c5 16. Qf4 Rab8 17. Qg3 Rb7 18. b3 c4 19. bxc4 Rxb1 20. Rxb1 dxc4
21. Rb7 Rb8 22. Rxa7 g6 23. Qf4 Qb4 24. Rxd7 {martinvr resigns} 1-0

[Event "ICS rated blitz match"]
[Site "207.99.83.229"]
[Date "1999.07.10"]
[Round "?"]
[White "egya"]
[Black "Hossa"]
[Result "1-0"]
[WhiteElo "2083"]
[BlackElo "2390"]
[PlyCount "110"]

1. b3 d5 2. Bb2 Bg4 3. g3 Nf6 4. Bg2 Nc6 5. Nf3 Qd7 6. O-O O-O-O 7. c4 Bh3 8.
Ng5 Bxg2 9. Kxg2 e5 10. cxd5 Nxd5 11. Nc3 Nxc3 12. dxc3 Qf5 13. Qc1 Be7 14. Nf3
Rd7 15. b4 Bf6 16. b5 Na5 17. c4 e4 18. Nd2 Rxd2 19. Bxf6 Rxe2 20. Bxg7 Qf3+
21. Kg1 Rg8 22. Bd4 Kb8 23. Qc3 Qxc3 24. Bxc3 Nxc4 25. Rfe1 Rxe1+ 26. Rxe1 Na3
27. b6 axb6 28. Rxe4 Nb5 29. Bf6 h6 30. Re7 Nd6 31. Be5 f5 32. Bxd6 cxd6 33.
Rf7 Rc8 34. Rxf5 Rc2 35. Rf6 Kc7 36. a4 h5 37. h4 Rc1+ 38. Kg2 Rc4 39. Rf5 Rxa4
40. Rxh5 Ra2 41. Rb5 Kc6 42. Rb1 Rc2 43. h5 d5 44. g4 Rc4 45. Kg3 Rc3+ 46. f3
d4 47. h6 Re3 48. g5 Re7 49. g6 Re6 50. g7 Rg6+ 51. Kf4 Kc5 52. h7 Rxg7 53.
h8=Q Rf7+ 54. Kg3 Kc6 55. Qxd4 55... Rf5 {Hossa resigns} 1-0

[Event "ICS rated blitz match"]
[Site "207.99.83.229"]
[Date "1999.07.10"]
[Round "?"]
[White "Hossa"]
[Black "Ilias"]
[Result "1-0"]
[WhiteElo "2370"]
[BlackElo "2249"]
[PlyCount "91"]

1. b3 e5 2. e3 f6 3. Nc3 d5 4. Bb5+ c6 5. Be2 Bf5 6. Nf3 Bd6 7. Nh4 Be6 8. Bg4
Bf7 9. Nf5 Bf8 10. O-O g6 11. Ng3 h5 12. Bh3 g5 13. Bf5 Ne7 14. Bd3 e4 15. Be2
h4 16. Nh5 Nd7 17. f4 g4 18. Bxg4 f5 19. Be2 Qc7 20. d3 O-O-O 21. b4 Qb6 22.
Rb1 Ng6 23. b5 c5 24. d4 cxd4 25. Na4 Qd6 26. Qxd4 Kb8 27. b6 a6 28. Ng7 Bxg7
29. Qxg7 Qf6 30. Qxf6 Nxf6 31. Bb2 Rd6 32. Be5 Rhd8 33. Rfd1 Ne7 34. c4 Nc6 35.
c5 Nxe5 36. fxe5 Re6 37. exf6 Rxf6 38. Rd4 Be8 39. Nc3 Bc6 40. Rf1 f4 41. Nxe4
Rff8 42. Nd6 fxe3 43. Rxf8 Rxf8 44. Rxh4 Rf2 45. Rh8+ Be8 46. Rxe8# {
Ilias checkmated} 1-0

[Event "ICS rated blitz match"]
[Site "207.99.83.229"]
[Date "1999.07.10"]
[Round "?"]
[White "Hossa"]
[Black "Esen"]
[Result "1-0"]
[WhiteElo "2375"]
[BlackElo "2138"]
[PlyCount "85"]

1. b3 d5 2. Bb2 Nf6 3. e3 Bg4 4. Be2 Bxe2 5. Nxe2 c6 6. Bxf6 gxf6 7. O-O Bg7 8.
Ng3 O-O 9. Qg4 Kh8 10. Nf5 Rg8 11. Nc3 e6 12. Nxg7 Rxg7 13. Qb4 b6 14. Qf4 Na6
15. a3 f5 16. Kh1 Qg5 17. Qf3 Qg4 18. Qg3 Qxg3 19. fxg3 Rag8 20. Ne2 c5 21. Nf4
Nc7 22. b4 c4 23. Rf2 Ra8 24. Raf1 b5 25. Nh5 Rg6 26. d3 a5 27. bxa5 Rxa5 28.
Ra1 b4 29. a4 Nb5 30. dxc4 dxc4 31. Rd2 Rg8 32. Rd7 Rf8 33. Rb7 Rfa8 34. Rb1
Nd6 35. R7xb4 h6 36. Rb8+ Rxb8 37. Rxb8+ Kh7 38. Rb4 Rc5 39. Kg1 Re5 40. Kf2
Ne4+ 41. Ke1 Nd6 42. Ke2 Re4 43. Nf6+ {Esen resigns} 1-0

[Event "ICS rated blitz match"]
[Site "207.99.83.229"]
[Date "1999.07.10"]
[Round "?"]
[White "DANO"]
[Black "Hossa"]
[Result "0-1"]
[WhiteElo "1994"]
[BlackElo "2382"]
[PlyCount "96"]

1. e4 e5 2. Nf3 Nc6 3. Bb5 a6 4. Ba4 Nf6 5. O-O Be7 6. Re1 b5 7. Bb3 d6 8. c3
O-O 9. h3 Bb7 10. d3 Qd7 11. Nbd2 Bd8 12. Nf1 a5 13. g4 a4 14. Bc2 Nxg4 15.
hxg4 Qxg4+ 16. Ng3 Qh3 17. Qe2 a3 18. b3 f5 19. Nh2 fxe4 20. dxe4 Bc8 21. Qf1
Qh4 22. Qg2 Bh3 23. Qh1 Qf6 24. Be3 b4 25. c4 Rf7 26. Nf3 Qe6 27. Rad1 Bg4 28.
Ng5 Bxg5 29. Bxg5 Qg6 30. Be3 Bf3 31. Qh4 Bxd1 32. Rxd1 Raf8 33. Rf1 Rf6 34.
Qh5 Qxh5 35. Nxh5 Rg6+ 36. Ng3 Rf3 37. Kg2 Rgxg3+ 38. fxg3 Rxe3 39. Rf2 Nd4 40.
Bb1 Ne2 41. g4 Nf4+ 42. Kg1 Rg3+ 43. Kf1 Rxg4 44. Rc2 Nh5 45. c5 Ng3+ 46. Ke1
Nxe4 47. cxd6 Rg1+ 48. Ke2 48... Nxd6 {DANO resigns} 0-1

[Event "ICS rated standard match"]
[Site "207.99.83.229"]
[Date "1999.07.10"]
[Round "?"]
[White "Hossa"]
[Black "krisantetno"]
[Result "1-0"]
[WhiteElo "2230"]
[BlackElo "1938"]
[PlyCount "27"]

1. b3 c5 2. e4 Nc6 3. Nc3 a6 4. Nf3 d6 5. Bc4 Nf6 6. O-O Bg4 7. Bb2 e6 8. h3
Bh5 9. Re1 Nd4 10. g4 Nxf3+ 11. Qxf3 Bg6 12. e5 Nd7 13. exd6 b5 14. Bxe6 {
krisantetno resigns} 1-0

[Event "ICS rated standard match"]
[Site "207.99.83.229"]
[Date "1999.07.10"]
[Round "?"]
[White "krisantetno"]
[Black "Hossa"]
[Result "0-1"]
[WhiteElo "1931"]
[BlackElo "2235"]
[PlyCount "43"]

1. e4 e5 2. Nf3 Nc6 3. Bb5 a6 4. Ba4 Nf6 5. O-O Be7 6. Re1 b5 7. Bb3 d6 8. c3
O-O 9. d4 exd4 10. cxd4 Bg4 11. d5 Ne5 12. Nbd2 Nfd7 13. h3 Bh5 14. g4 Nxg4 15.
hxg4 Bxg4 16. Qe2 f5 17. exf5 Ne5 18. Bd1 Bg5 19. Qe4 Bxf5 20. Qd4 Nd3 21. Re3
Bf6 22. Qxd3 {krisantetno resigns} 0-1

[Event "ICS rated standard match"]
[Site "207.99.83.229"]
[Date "1999.07.10"]
[Round "?"]
[White "Hossa"]
[Black "nirf"]
[Result "1-0"]
[WhiteElo "2240"]
[BlackElo "1960"]
[PlyCount "33"]

1. b3 e5 2. e3 d5 3. Bb2 Nc6 4. Bb5 Bd7 5. Ne2 a6 6. Bxc6 Bxc6 7. Bxe5 Qg5 8.
d4 Qxg2 9. Rg1 Qf3 10. Rxg7 Bb5 11. Rg3 Bb4+ 12. c3 Bxe2 13. Qc2 Qh1+ 14. Kxe2
f6 15. cxb4 fxe5 16. Qxc7 Nf6 17. Rg7 {nirf resigns} 1-0

[Event "ICS rated standard match"]
[Site "207.99.83.229"]
[Date "1999.07.10"]
[Round "?"]
[White "Casopis"]
[Black "Hossa"]
[Result "0-1"]
[WhiteElo "1873"]
[BlackElo "2241"]
[PlyCount "88"]

1. d4 Nf6 2. c4 e6 3. Nc3 d5 4. Bg5 Be7 5. e3 O-O 6. Bd3 dxc4 7. Bxc4 c5 8. Nf3
Qb6 9. dxc5 Qxb2 10. Qc1 Qxc1+ 11. Rxc1 Nbd7 12. Nb5 Nxc5 13. Nc7 Rb8 14. Bf4
Bd7 15. Ne5 Rbc8 16. Nxd7 Ncxd7 17. Nb5 e5 18. Bg5 Nb6 19. Bxf6 gxf6 20. Bxf7+
Kxf7 21. O-O Rxc1 22. Rxc1 Rd8 23. Nxa7 Ra8 24. Nb5 Rxa2 25. g4 Rb2 26. Nc3 Rb4
27. f3 Rc4 28. Ne2 Rxc1+ 29. Nxc1 Bc5 30. Kf2 Nd5 31. Nb3 Bxe3+ 32. Ke2 b5 33.
Kd3 Ke6 34. Ke4 Kd6 35. h4 Bf2 36. h5 Be3 37. Na5 Bf4 38. Nb7+ Kc6 39. Nd8+ Kc5
40. Ne6+ Kc4 41. Nxf4 exf4 42. h6 b4 43. Kf5 b3 44. Ke6 44... b2 {
Casopis resigns} 0-1

[Event "ICS rated bullet match"]
[Site "207.99.83.229"]
[Date "1999.07.10"]
[Round "?"]
[White "Ostap"]
[Black "Hossa"]
[Result "0-1"]
[WhiteElo "2378"]
[BlackElo "2353"]
[PlyCount "55"]

1. e3 d5 2. b3 Nd7 3. d3 Ngf6 4. Bb2 e5 5. g3 Bb4+ 6. Nd2 Qe7 7. a3 Ba5 8. Bg2
O-O 9. Ne2 e4 10. Bxf6 Nxf6 11. d4 Bg4 12. h3 Bf3 13. O-O Bc3 14. Ra2 Bxg2 15.
Kxg2 Bxd2 16. Qxd2 a5 17. c4 a4 18. cxd5 axb3 19. Rb2 Rxa3 20. Rfb1 Qd6 21.
Rxb3 Rxb3 22. Rxb3 Qxd5 23. Qc3 Qh5 24. Nf4 Qf3+ 25. Kg1 g5 26. Ng2 Qd1+ 27.
Ne1 Nd5 28. Qa5 {Ostap resigns} 0-1

[Event "ICS rated blitz match"]
[Site "207.99.83.229"]
[Date "1999.07.10"]
[Round "?"]
[White "Hossa"]
[Black "Esen"]
[Result "1-0"]
[WhiteElo "2385"]
[BlackElo "2101"]
[PlyCount "22"]

1. b3 f6 2. Nf3 e5 3. e4 Bc5 4. Bc4 Ne7 5. O-O d5 6. exd5 Nxd5 7. d4 Bxd4 8.
Nxd4 exd4 9. Qh5+ g6 10. Qxd5 Qxd5 11. Bxd5 11... Nc6 {Esen resigns} 1-0

[Event "ICS rated standard match"]
[Site "207.99.83.229"]
[Date "1999.07.10"]
[Round "?"]
[White "Hossa"]
[Black "nirf"]
[Result "1-0"]
[WhiteElo "2244"]
[BlackElo "1980"]
[PlyCount "32"]

1. b3 Nc6 2. e4 d6 3. Nf3 Bg4 4. Be2 Nf6 5. Nc3 g6 6. O-O Bg7 7. d4 Nh5 8. Bd2
Bxf3 9. Bxf3 Nxd4 10. Bxh5 gxh5 11. Nd5 Qd7 12. c3 Nb5 13. a4 Nxc3 14. Bxc3
Bxc3 15. Nxc3 Qc6 16. Rc1 16... Qb6 {nirf resigns} 1-0

[Event "ICS rated standard match"]
[Site "207.99.83.229"]
[Date "1999.07.10"]
[Round "?"]
[White "opus55"]
[Black "Hossa"]
[Result "0-1"]
[WhiteElo "1907"]
[BlackElo "2245"]
[PlyCount "21"]

1. e4 e5 2. Nf3 Nc6 3. Nc3 Nf6 4. d4 exd4 5. Nxd4 Bb4 6. Nxc6 bxc6 7. Bd3 Bxc3+
8. bxc3 O-O 9. O-O d6 10. Qf3 Bg4 11. h3 {opus55 resigns} 0-1

[Event "ICS rated blitz match"]
[Site "207.99.83.229"]
[Date "1999.07.10"]
[Round "?"]
[White "MiddleHead"]
[Black "Hossa"]
[Result "0-1"]
[WhiteElo "2230"]
[BlackElo "2390"]
[PlyCount "39"]

1. e4 e5 2. Nf3 Nc6 3. d4 exd4 4. Nxd4 Nf6 5. Nxc6 bxc6 6. e5 Qe7 7. Qe2 Nd5 8.
c4 Ba6 9. Nd2 Nf4 10. Qe4 Ng6 11. f4 Rd8 12. g3 Bb7 13. Bg2 d5 14. exd6 Qxe4+
15. Nxe4 cxd6 16. Be3 d5 17. Nc5 Ba8 18. cxd5 cxd5 19. Nb3 d4 20. Bd2 {
MiddleHead resigns} 0-1

[Event "ICS rated bullet match"]
[Site "207.99.83.229"]
[Date "1999.07.10"]
[Round "?"]
[White "Hossa"]
[Black "MissSilicon"]
[Result "0-1"]
[WhiteElo "2370"]
[BlackElo "2526"]
[PlyCount "110"]

1. b3 d5 2. Bb2 c5 3. c4 dxc4 4. bxc4 Nf6 5. Nf3 Bf5 6. Bxf6 exf6 7. Nc3 Nc6 8.
e4 Qe7 9. Qe2 Bg4 10. Nd5 Qd6 11. Qe3 O-O-O 12. Be2 f5 13. O-O f6 14. exf5 Bxf5
15. Rae1 Ne7 16. Nc3 Ng6 17. Nb5 Qb6 18. Qa3 a6 19. Nc3 Nf4 20. Na4 Qa5 21. Qb3
Nxe2+ 22. Rxe2 Bd3 23. Nb6+ Kc7 24. Re6 Bxf1 25. Kxf1 Bd6 26. Nd5+ Kc6 27. Kg1
Rhe8 28. Re3 Rxe3 29. fxe3 Bc7 30. Qc2 h6 31. Qe4 h5 32. Nxf6+ Kb6 33. Qb1+ Ka7
34. Nxh5 Rxd2 35. Nxd2 Qxd2 36. e4 Qe3+ 37. Kh1 Qh6 38. g4 g6 39. Qg1 gxh5 40.
Qxc5+ Bb6 41. Qxh5 Qc1+ 42. Kg2 Qg1+ 43. Kh3 Bf2 44. g5 Qf1+ 45. Kg4 Qe2+ 46.
Kf5 Qxh5 47. a4 Be3 48. Ke5 Qxg5+ 49. Ke6 Bf4 50. h4 Qg6+ 51. Kd7 Qf7+ 52. Kd8
Bg3 53. h5 Bh4+ 54. Kc8 Qxc4+ 55. Kd7 55... Qc6# {Hossa checkmated} 0-1

[Event "ICS Rated blitz match"]
[Site "207.99.83.229"]
[Date "1999.07.10"]
[Round "?"]
[White "egya"]
[Black "Hossa"]
[Result "0-1"]
[WhiteElo "2187"]
[BlackElo "2399"]
[PlyCount "62"]

1. b3 e5 2. Bb2 Nc6 3. e3 d5 4. Bb5 f6 5. d4 exd4 6. Qxd4 Bd6 7. Nc3 Nge7 8.
O-O-O O-O 9. Qh4 Nb4 10. a3 Nf5 11. Qh5 c6 12. axb4 cxb5 13. Nxd5 a5 14. g4 Nh6
15. f3 Nf7 16. Ne2 axb4 17. Nxb4 Ng5 18. Rhf1 Be6 19. f4 Qc8 20. Rxd6 Bxg4 21.
Qh4 Bxe2 22. fxg5 fxg5 23. Qxg5 Rxf1+ 24. Kd2 Qg4 25. Qxg4 Bxg4 26. Rb6 Rd1+
27. Kc3 Rc8+ 28. Nc6 bxc6 29. Kb4 c5+ 30. Kxb5 Be2+ 31. Ka4 31... Ra8+ {
egya resigns} 0-1

[Event "ICS Rated standard match"]
[Site "207.99.83.229"]
[Date "1999.07.10"]
[Round "?"]
[White "Hossa"]
[Black "SPIKE-1"]
[Result "0-1"]
[WhiteElo "2249"]
[BlackElo "2323"]
[PlyCount "109"]

1. e4 c5 2. Bc4 e6 3. d4 d5 4. exd5 exd5 5. Bb5+ Nc6 6. Nf3 Bd6 7. c4 Nge7 8.
cxd5 Nxd5 9. O-O O-O 10. Bxc6 bxc6 11. dxc5 Bxc5 12. Nbd2 Re8 13. Qc2 Bb6 14.
Nc4 Ba6 15. Bg5 f6 16. Bd2 Qd7 17. Rfe1 Rad8 18. Rad1 Rxe1+ 19. Bxe1 Re8 20.
Qa4 Bb5 21. Qb3 Bc5 22. Rc1 Kh8 23. Kh1 Nf4 24. Ne3 Nd3 25. Rd1 Bxe3 26. fxe3
Rxe3 27. Bg3 Qd5 28. Rd2 Qxb3 29. axb3 c5 30. Ng1 Kg8 31. Bb8 a6 32. Ba7 Re7
33. Bb6 Re6 34. Bc7 Nc1 35. Rd6 Nd3 36. h3 Re1 37. Ba5 Rb1 38. Bc3 Nxb2 39.
Rd8+ Kf7 40. Rh8 Nd3 41. Rxh7 Rxb3 42. Bd2 c4 43. Be3 c3 44. Rh8 Be8 45. Rh4
Ne5 46. Kh2 c2 47. Bd2 Rd3 48. Bc1 Rd1 49. Be3 Bb5 50. Rh5 Nc4 51. Bf4 g5 52.
Ne2 gxf4 53. Rh7+ Ke6 54. Nxf4+ Kd6 55. Ne2 {Hossa resigns} 0-1

[Event "ICS rated standard match"]
[Site "207.99.83.229"]
[Date "1999.07.10"]
[Round "?"]
[White "Hossa"]
[Black "airflow"]
[Result "1-0"]
[WhiteElo "2236"]
[BlackElo "2043"]
[PlyCount "59"]

1. e4 e5 2. Nf3 Qe7 3. Nc3 Nc6 4. Bc4 d6 5. Nd5 Qd8 6. Bb5 a6 7. Ba4 b5 8. Bb3
Na5 9. O-O c6 10. Ne3 Rb8 11. d4 Nf6 12. Ng5 Nxb3 13. axb3 exd4 14. Qxd4 c5 15.
Qd3 h6 16. Nf3 Bb7 17. Re1 Rc8 18. Nf5 c4 19. bxc4 bxc4 20. Qd4 g6 21. e5 gxf5
22. exf6+ Be4 23. Nd2 Kd7 24. Rxa6 Bb7 25. Ra7 Rb8 26. Nxc4 Qc7 27. Na5 Kd8 28.
Nxb7+ Rxb7 29. Qa4 Rxa7 30. Re8# {airflow checkmated} 1-0

[Event "ICS rated blitz match"]
[Site "207.99.83.229"]
[Date "1999.07.10"]
[Round "?"]
[White "Hossa"]
[Black "avishai"]
[Result "1-0"]
[WhiteElo "2406"]
[BlackElo "2043"]
[PlyCount "37"]

1. e4 e5 2. Nf3 c6 3. Nxe5 Qe7 4. Nf3 Qxe4+ 5. Be2 d5 6. O-O Qg6 7. Re1 Be6 8.
Ne5 Qf5 9. Bg4 Qg5 10. Nxf7 Kxf7 11. Bxe6+ Kg6 12. d4 Qh4 13. Qd3+ Kf6 14. Qf5+
Ke7 15. Bxg8+ Kd8 16. Bg5+ Qxg5 17. Qxg5+ Kc7 18. Re8 Rxg8 19. Qd8# {
avishai checkmated} 1-0

[Event "ICS rated blitz match"]
[Site "207.99.83.229"]
[Date "1999.07.10"]
[Round "?"]
[White "avishai"]
[Black "Hossa"]
[Result "1-0"]
[WhiteElo "2039"]
[BlackElo "2410"]
[PlyCount "50"]

1. e4 e5 2. Nf3 Nc6 3. Bb5 a6 4. Ba4 Nf6 5. O-O Be7 6. Re1 b5 7. Bb3 d6 8. c3
O-O 9. h3 Bb7 10. d4 Re8 11. Nbd2 exd4 12. cxd4 Na5 13. Bc2 c5 14. Nf1 Nc4 15.
Ng3 cxd4 16. Nxd4 d5 17. e5 Bb4 18. Bg5 Bxe1 19. exf6 h6 20. Qh5 Bb4 21. Ngf5
Re5 22. Nxh6+ gxh6 23. Qxh6 Rxg5 24. Bh7+ Kh8 25. Bg6+ 25... Kg8 {Hossa resigns
} 1-0